000 00356cam a22001217a 4500
008 180718b1958 xxu||||| |||| 00| 0 eng d
082 _aP5x5442 N868
245 _aSilver jubilee commemoration volume
_cedited by P. R. Damle
260 _aPoona
_bNowrosjee Wadai College
_c1958
300 _a201p.
650 _aPaper industry --India
700 _aDamle, P. R.
999 _c431370
_d431370